[Event "Bassano del Grappa Vergani Cup Elitte-A"]
[Site "Bassano del Grappa"]
[Date "2021.01.06"]
[Round "7"]
[White "Neuhoff, Laertes"]
[Black "Vitaliani, Marco"]
[Result "0-1"]
[WhiteElo "1750"]
[BlackElo "2015"]
[PlyCount "44"]
[EventDate "2021.01.03"]
[EventType "swiss"]
[EventRounds "9"]
[EventCountry "ITA"]
[SourceTitle "EXT 2022"]
[Source "ChessBase"]
[SourceDate "2021.10.06"]
[SourceVersion "1"]
[SourceVersionDate "2021.10.06"]
[SourceQuality "1"]

1. e4 e6 2. d4 d5 3. Nd2 Nf6 4. e5 Nfd7 5. Bd3 c5 6. c3 Nc6 7. Ne2 cxd4 8. cxd4 f6 9. exf6 Nxf6 10. 0-0 Bd6 11. Nf3 Qc7 12. h3 0-0 13. Be3 Bd7 14. Rc1 Rae8 15. Re1 Qb8 16. a3 Re7 17. Nc3 e5 18. dxe5 Nxe5 19. Nxd5 Nxd5 20. Nxe5 Rxe5 21. Bc4 Be6 22. Qb3 b5 0-1

[Event "Bassano del Grappa Vergani Cup Elitte-A"]
[Site "Bassano del Grappa"]
[Date "2021.01.05"]
[Round "4"]
[White "Vitaliani, Marco"]
[Black "Di Benedetto, Edoardo"]
[Result "0-1"]
[WhiteElo "2015"]
[BlackElo "2386"]
[PlyCount "82"]
[EventDate "2021.01.03"]
[EventType "swiss"]
[EventRounds "9"]
[EventCountry "ITA"]
[SourceTitle "EXT 2022"]
[Source "ChessBase"]
[SourceDate "2021.10.06"]
[SourceVersion "1"]
[SourceVersionDate "2021.10.06"]
[SourceQuality "1"]

1. e4 e6 2. d4 d5 3. e5 c5 4. c3 Qb6 5. Nf3 Bd7 6. a3 Bb5 7. Be2 Bxe2 8. Qxe2 cxd4 9. cxd4 Nc6 10. 0-0 Nge7 11. Be3 Nf5 12. b4 Be7 13. Nc3 0-0 14. Na4 Qd8 15. Nc5 Bxc5 16. bxc5 b6 17. Rac1 Na5 18. Nd2 Rc8 19. Qb5 bxc5 20. Rxc5 Rxc5 21. Qxc5 Qb6 22. Rc1 h5 23. h3 Rb8 24. Qxb6 axb6 25. a4 Kf8 26. Kf1 Ke8 27. Rc7 Rb7 28. Rc8+ Kd7 29. Rf8 Kc6 30. g4 hxg4 31. hxg4 Nxe3+ 32. fxe3 Nc4 33. Nxc4 dxc4 34. Rc8+ Kd5 35. Ke2 Ra7 36. Rd8+ Ke4 37. Rf8 Rxa4 38. Rxf7 Ra2+ 39. Kd1 Kd3 40. Kc1 c3 41. Kb1 c2+ 0-1

[Event "Bassano del Grappa Vergani Cup Elitte-A"]
[Site "Bassano del Grappa"]
[Date "2021.01.04"]
[Round "3"]
[White "Bettalli, Francesco"]
[Black "Vitaliani, Marco"]
[Result "0-1"]
[WhiteElo "2272"]
[BlackElo "2015"]
[PlyCount "94"]
[EventDate "2021.01.03"]
[EventType "swiss"]
[EventRounds "9"]
[EventCountry "ITA"]
[SourceTitle "EXT 2022"]
[Source "ChessBase"]
[SourceDate "2021.10.06"]
[SourceVersion "1"]
[SourceVersionDate "2021.10.06"]
[SourceQuality "1"]

1. e4 e6 2. d4 d5 3. Nc3 Nf6 4. Bg5 Be7 5. e5 Nfd7 6. Bxe7 Qxe7 7. f4 a6 8. Nf3 c5 9. Bd3 Nc6 10. dxc5 Qxc5 11. Qd2 0-0 12. Ne2 f6 13. 0-0-0 Kh8 14. exf6 Nxf6 15. h3 b5 16. Kb1 b4 17. g4 a5 18. Rc1 d4 19. Ng5 Nd5 20. Nxh7 Nc3+ 21. Ka1 Qd5 22. bxc3 bxc3 23. Nxc3 dxc3 24. Qxc3 Rxf4 25. Rhf1 Nb4 26. Qb3 Qxb3 27. axb3 Nxd3 28. Rxf4 Nxf4 29. Ng5 Kg8 30. Rf1 e5 31. Re1 Ne6 32. Rxe5 Nxg5 33. Rxg5 a4 34. bxa4 Rxa4+ 35. Kb2 Be6 36. Re5 Kf7 37. Re3 Kf6 38. Rf3+ Kg5 39. Re3 Ra2+ 40. Kc3 Ra3+ 41. Kd4 Rxe3 42. Kxe3 Kh4 43. Kf3 g5 44. Kg2 Bd5+ 45. Kh2 Bc6 46. c4 Bb7 47. c5 Bc6 0-1

[Event "Bassano del Grappa Vergani Cup Elitte-A"]
[Site "Bassano del Grappa"]
[Date "2021.01.03"]
[Round "1"]
[White "Fecker, Noah"]
[Black "Vitaliani, Marco"]
[Result "1-0"]
[WhiteElo "2329"]
[BlackElo "2015"]
[PlyCount "67"]
[EventDate "2021.01.03"]
[EventType "swiss"]
[EventRounds "9"]
[EventCountry "ITA"]
[SourceTitle "EXT 2022"]
[Source "ChessBase"]
[SourceDate "2021.10.06"]
[SourceVersion "1"]
[SourceVersionDate "2021.10.06"]
[SourceQuality "1"]

1. e4 e6 2. d4 d5 3. Nd2 Nf6 4. e5 Nfd7 5. c3 c5 6. Bd3 Nc6 7. Ngf3 Qb6 8. 0-0 cxd4 9. cxd4 Nxd4 10. Nxd4 Qxd4 11. Nf3 Qg4 12. h3 Qh5 13. Re1 Be7 14. Kh2 g5 15. g4 Qh6 16. h4 Rg8 17. Kg2 Qg7 18. hxg5 h6 19. Qa4 hxg5 20. Be3 a6 21. Rac1 Kf8 22. Rxc8+ Rxc8 23. Qxd7 Rd8 24. Qxb7 Rh8 25. Rh1 Rxh1 26. Kxh1 f6 27. exf6 Qxf6 28. Kg2 Qg7 29. Nd4 Rd6 30. Nc6 d4 31. Bd2 Ke8 32. Qxe7+ Qxe7 33. Nxe7 Kxe7 34. Bb4 1-0

[Event "Bassano del Grappa op 10"]
[Site "Bassano del Grappa"]
[Date "2020.10.25"]
[Round "5"]
[White "Sperat Czar, Nicolas"]
[Black "Vitaliani, Marco"]
[Result "0-1"]
[WhiteElo "1748"]
[BlackElo "1929"]
[PlyCount "58"]
[EventDate "2020.10.23"]
[EventType "swiss"]
[EventRounds "5"]
[EventCountry "ITA"]
[SourceTitle "EXT 2022"]
[Source "ChessBase"]
[SourceDate "2021.10.06"]
[SourceVersion "1"]
[SourceVersionDate "2021.10.06"]
[SourceQuality "1"]

1. e4 e6 2. c4 d5 3. cxd5 exd5 4. exd5 Nf6 5. Nc3 Nxd5 6. d4 Bb4 7. Bd2 0-0 8. Bc4 Nb6 9. Bd3 Qxd4 10. Qc2 Bxc3 11. Bxh7+ Kh8 12. Bxc3 Qa4 13. b3 Re8+ 14. Ne2 Qg4 15. Bd3 Nc6 16. h3 Qg5 17. h4 Qh6 18. Bd2 Qf6 19. Bc3 Qh6 20. g4 Bxg4 21. Rg1 Bxe2 22. Bxe2 f6 23. Rg6 Qh5 24. Rg1 Rxe2+ 25. Qxe2 Re8 26. Qxe8+ Qxe8+ 27. Kf1 Qe4 28. Bb2 Nd5 29. Re1 Qd3+ 0-1

[Event "Bassano del Grappa op 10"]
[Site "Bassano del Grappa"]
[Date "2020.10.24"]
[Round "2"]
[White "Vitaliani, Marco"]
[Black "Cappelletto, Joshuaede"]
[Result "1-0"]
[WhiteElo "1929"]
[BlackElo "2142"]
[PlyCount "57"]
[EventDate "2020.10.23"]
[EventType "swiss"]
[EventRounds "5"]
[EventCountry "ITA"]
[SourceTitle "EXT 2022"]
[Source "ChessBase"]
[SourceDate "2021.10.06"]
[SourceVersion "1"]
[SourceVersionDate "2021.10.06"]
[SourceQuality "1"]

1. e4 c5 2. Nf3 d6 3. d4 cxd4 4. Nxd4 Nf6 5. Nc3 a6 6. f3 e5 7. Nb3 Be6 8. Be3 h5 9. Qd2 Nbd7 10. 0-0-0 Rc8 11. Kb1 b5 12. a3 Qc7 13. h4 Nb6 14. Na5 Rb8 15. Bxb6 Qxb6 16. Nd5 Nxd5 17. exd5 Bd7 18. Qb4 Be7 19. Bd3 Rh6 20. g4 Rf6 21. gxh5 Rf4 22. h6 gxh6 23. Qd2 Bxh4 24. Nc6 Bxc6 25. dxc6 Bg5 26. Rdg1 Rh4 27. Qc3 b4 28. axb4 Rxb4 29. c7 1-0

[Event "Padova del Santo op-B 7th"]
[Site "Padova"]
[Date "2020.02.22"]
[Round "3.6"]
[White "De Paolis, Alex"]
[Black "Vitaliani, Marco"]
[Result "0-1"]
[WhiteElo "1719"]
[BlackElo "1840"]
[PlyCount "62"]
[EventDate "2020.02.21"]
[EventType "swiss"]
[EventRounds "3"]
[EventCountry "ITA"]
[SourceTitle "EXT 2024"]
[Source "ChessBase"]
[SourceDate "2023.10.10"]
[SourceVersion "1"]
[SourceVersionDate "2023.10.10"]
[SourceQuality "1"]

1. e4 e6 2. d4 d5 3. Nc3 Nf6 4. exd5 exd5 5. Nf3 Be7 6. Bd3 Bg4 7. 0-0 0-0 8. h3 Bh5 9. Re1 c6 10. Bf4 Bd6 11. Bxd6 Qxd6 12. g4 Bg6 13. Ne5 Nfd7 14. Nf3 Bxd3 15. Qxd3 Na6 16. a3 Rae8 17. Nh4 g6 18. Nf3 Nc7 19. Qd2 Ne6 20. Ne2 f5 21. Ng5 fxg4 22. hxg4 Rxf2 23. Kxf2 Qh2+ 24. Kf3 Rf8+ 25. Ke3 Nxg5 26. Ng1 Qg3+ 27. Ke2 Rf2+ 28. Kd1 Rxd2+ 29. Kxd2 Ne4+ 30. Kd1 Qf2 31. Ne2 Qe3 0-1